| 000 | 00435pab a2200145 454500 | ||
|---|---|---|---|
| 008 | 180718b2003 xxu||||| |||| 00| 0 eng d | ||
| 100 | _aGraham, Barbara L. | ||
| 245 | _aExplaining Supreme Court policy making in civil rights: the influence of the solicitor general, 1953-2002 | ||
| 260 | _c2003 | ||
| 300 | _ap.253-71. | ||
| 362 | _aMay | ||
| 650 | _aCivil and political rights | ||
| 773 | _aPolicy Studies Journal | ||
| 909 | _a56750 | ||
| 999 |
_c56750 _d56750 |
||